LDR 00646nam a2200169 i 4500 001 000000138830 003 CaOOAMICUS 005 20260317095501.0 008 050511s1931 gw u000 u ger u 040 $aSeMil$bita 245 10$a4: Papiergeld bis Staatsschulden. 300 $aVIII, 1948 col. :$bmit 79 Bildern und Kärtchen. 773 0 $tStaatslexikon.$dFreiburg im Breisgau : Herder, 1926-1932.$b5. von Grund aus Neubearbeitete Auflage.$gBand4$w()13454 850 $aSeMil 852 $aSeMil$W1$xVenegono$y1$B92271$CSeMilBibl$Z2$F97436 $8I 996 $6245$a4: Papiergeld bis Staatsschulden$9(OLS)http://semarc/title/202916